シカ色デイズの歌詞 - Statistics

General Stats
  • This quiz has been taken 199 times
  • The average score is 10 of 36
Answer Stats
Answer % Correct
しかのこのこのここしたんたん
99%
しかのこのこのここしたんたん
99%
しかのこのこのここしたんたん
99%
しかのこのこのここしたんたん
99%
しかのこのこのここしたんたん
99%
しかのこのこのここしたんたん
99%
(ぬん)
82%
しかのこ とことこ
31%
見た目はおにゃのこ?
30%
つのつの ぴょこぴょこ
27%
あらわる のこのこ
26%
へなちょこ?
23%
お手並みいかほど
21%
シカせんべいなら無限にください!
20%
近頃ウワサの
18%
スゴクムカシカラ ジャパンニセイソク
18%
なかなかキワモノ
16%
夜が明けるまで
15%
ぬんのステップで踊ろう
12%
トナカイは仲間
11%
カモシカはウシ科
9%
なんどだって反芻して ぬぬぬん
9%
予測不可能 シカ色デイズ
8%
でもでもまとめて 偶蹄目
7%
カオス増し増し↑↑
6%
アバンギャルドでオーライ
5%
いつの間にクセになって ぬぬぬん
2%
ハチャでメチャな シカ色デイズ
2%
何でもアリ
2%
ルールなんてナシ
2%
君の笑顔で元気満タン
2%
もしかして運命の
2%
君とならいつまでも
2%
破天荒 ばっちCome on!
2%
ま、ま、My Deer!?
2%
こころのどこかで虎視眈々
1%
No matching quizzes found
Score Distribution
Percent of People with Each Score
Percentile by Number Answered
Your Score History
You have not taken this quiz